000 00359 a2200157 4500
001 177324
020 _a
040 _cMagnum
100 _aCamargos, Margarida Diniz Melo
240 1 0 _aAprendendo com a natureza
_lpor
245 1 0 _aAprendendo com a natureza
362 0 _a1899
440 1 _aMiguilim
697 _aMAGNITO: IJ/PARADIDATICO
942 _cBK
999 _c177324
_d177324